00390nam a2200157Ia 4500003000400000005001700004008004100021040000700062082002000069100002300089245004600112260003600158365001300194650001200207650001300219OSt20230610101531.0210423s2003 xx 000 0 und d cAL a001.42 MIKM223 aMIKKELSEN (Britha) aMethods for development work and research aNew DelhibResponse Booksc2003 b450cINR aGeneral aResearch